Informe anual 2012 : el sistema de la crueldad vii

Guardado en:
Formato: Libro
Publicado: Buenos Aires : Comisión Provincial por la Memoria, 2012
Materias:
Etiquetas: Agregar Etiqueta
Sin Etiquetas, Sea el primero en etiquetar este registro!
LEADER 00705nam a22001935a 4500
001 CEM.cems013769
005 20121122095824.0
008 130507s2012##################000#0#####d
003 CEMS
082 0 4 |a F323.4 
245 0 0 |a Informe anual 2012 :  |b el sistema de la crueldad vii 
260 |a Buenos Aires :  |b Comisión Provincial por la Memoria,  |c 2012 
300 |a 34 p. 
500 |a Comisión integrada por : Adolfo Pérez Esquivel y Hugo Cañón presidentes 
653 |a Derechos humanos 
653 |a Derechos humanos-violaciones a los 
653 |a Buenos aires-violaciones a los derechos humanos 
653 |a Derechos humanos- informe anual 2012 
859 |a CEMS  |b BIB. CEMS - 11 de abril  |h F323.4  |i 4  |p 2775.44  |t Ej.1